000 00300nam a22001337a 4500
020 _a9789351790518
082 _a297.1226 KHA
100 _aKhan, Maulana Wahiduddin
245 _aQuranic Wisdom
260 _aNoida
_bGoodword Books
_c2016
300 _a352
650 _aQuran-Theology
942 _cBK
999 _c20575
_d20575